000 00664am a2200217a 44500
005 20190920160737.0
008 150306b xxu||||| |||| 00| 0 spa d
041 _aEspañol
082 _a1.10.3 J61t
100 _aJiménez Bulla, Luis Hernando
_91645
245 _aTurismo: tendencias globales y planificación estratégica
260 _aColombia
_bEcoe ediciones
_c2013
300 _a216 páginas
650 _aTURISMO
_9894
650 _aDISTRIBUCION DEL TURISMO
_91646
650 _aSISTEMA TURISTICO
_91647
650 _aMERCADO TURISTICO
_91082
650 _aSOSTENIBILIDAD DEL TURISMO
_91648
650 _aPLANIFICACION TURISTICA
_91534
942 _cBK
999 _c7433
_d7433